000 00579nam a2200181Ia 4500
008 090123s9999 xx 000 0 und d
082 _b39350
100 _aताम्हाणे अजय
245 _aमिशन अंडरवर्ल्ड
250 _a1
260 _bआमोद प्रकाशन
_c2005
300 _a146
600 _aताम्हाणे अजय
630 _aमिशन अंडरवर्ल्ड
700 _aताम्हाणे अजय
730 _aमिशन अंडरवर्ल्ड
942 _cBOOK
999 _c77416
_d77416